| 000 | 01413cam a22003737a 4500 | ||
|---|---|---|---|
| 003 | CHAP | ||
| 005 | 20220329141718.0 | ||
| 008 | 971013s1993 r 00010 d | ||
| 010 | _a72642 | ||
| 011 | _a73614 | ||
| 035 | _a83172 | ||
| 040 | _cCHAP | ||
| 082 |
_a972.081 _bC38 1993 |
||
| 100 | 0 | 0 |
_aCastellanos Suárez, José Alfredo _ecoor. _920024 |
| 245 | 1 | 3 | _aLa Revolución 1910-1920 |
| 250 | _a2 ed. | ||
| 260 |
_aChapingo, Méx. : _bUACH. Dirección de Difusión Cultural, _c1993 |
||
| 300 | _a434 p | ||
| 490 | 0 | _aUACH. Lecturas. Historia México | |
| 590 |
_aBATCH-UPD _b10 _c20130110 _lUCH01 _h1315 |
||
| 590 |
_aBATCH-UPD _b10 _c20130410 _lUCH01 _h0827 |
||
| 590 |
_aBATCH-UPD _b10 _c20130914 _lUCH01 _h0856 |
||
| 590 |
_aCONVERSION _b10 _c20130109 _lUCH01 _h1340 |
||
| 650 | 1 | 4 |
_aMéxico _xHistoria _xRevolución. _976768 |
| 650 | 1 | 4 |
_aReforma agraria _xLeyes. _995561 |
| 830 | 0 |
_aUACH. Lecturas. Historia México _9115946 |
|
| 901 | _aBK | ||
| 942 | _cLIBRO | ||
| 949 |
_a972.081 C38 1993 _bBC _cLIBRO _d33724000149035 _eLIBRO _h86597 _i83172 _mD _si |
||
| 949 |
_a972.081 C38 1993 _bBC _cLIBRO _d33724000149043 _eLIBRO _fc.2 _h86598 _i83172 _mD _so |
||
| 949 |
_a972.081 C38 1993 _bBC _cLIBRO _d33724000867941 _eLIBRO _fc.4 _h86600 _i83172 _mD _si |
||
| 949 |
_a972.081 C38 1993 _bBC _cLIBRO _d33724000986980 _eLIBRO _fc.3 _h86599 _i83172 _mD _si |
||
| 949 |
_a972.081 C38 1993 _bBC _cUACH _d-37578 _eUACH _fc.5 _h86601 _i83172 _mD _si |
||
| 999 |
_c72642 _d72642 |
||